Normal view
MARC view
- Bagot︠s︡kiĭ, V. S.
Entry Personal Name
001 - CONTROL NUMBER
- control field: 10795
003 - CONTROL NUMBER IDENTIFIER
- control field: NUST
005 - DATE AND TIME OF LATEST TRANSACTION
- control field: 20180601074733.0
008 - FIXED-LENGTH DATA ELEMENTS
- fixed length control field: 180601|| aca||aabn | a|a d
040 ## - CATALOGING SOURCE
- Original cataloging agency: NUST
- Transcribing agency: NUST
100 ## - HEADING--PERSONAL NAME
- Personal name: Bagot︠s︡kiĭ, V. S.
- Fuller form of name: (Vladimir Sergeevich)
670 ## - SOURCE DATA FOUND
- Source citation: Work cat.: (NUST)0: Bagot︠s︡kiĭ, V. S. (Vladimir Sergeevich), Fundamentals of electrochemistry /, c2006.
